000 00329nam a2200133Ia 4500
008 210210b1982 xxu||||| |||| 00| 0 eng d
082 _a901 GARP
100 _aGARDINER (Patrick)
245 _aPhilosophy of history
260 _aN Y
_bOxford University Press
_c1982
300 _avi,224
690 _aHistory
906 _aSG02678
999 _c113916
_d113916